Tableau des liaisons normalisées (CM) - Statistiques

Statistiques générales
  • Ce quiz a été pris 50 fois
  • Le résultat moyen est 8 sur 33
Statistiques - réponses
Réponse % Correct
0
74%
1
62%
1
62%
1
62%
2
62%
2
62%
3
62%
3
62%
4
62%
4
62%
5
62%
Encastrement
62%
centre de la liaison
3%
centre de la liaison
3%
centre de la liaison
3%
Glissière de direction x
3%
Pivot d'axe A, x
3%
Rotule de centre A
3%
Appui plan de normale y
0%
Hélicoïdale d'axe A, x et de pas p
0%
Linéique annulaire de centre A et de direction x
0%
Linéique rectiligne de ligne A, x et de normale y
0%
Pivot glissant d'axe A, x
0%
Ponctuelle en A de normale y
0%
Rotule à doigt de centre A bloqué en x
0%
tout point de A, y
0%
tout point de l'axe
0%
tout point de l'axe
0%
tout point de l'espace
0%
tout point de l'espace
0%
tout point de l'espace
0%
tout point de l'espace
0%
tout point du plan A, x, y
0%
Aucun quiz correspondant
Distribution des résultats
% des personnes avec chaque résultat
Percentile par nombre de réponses
Votre historique - résultats
Vous n’avez pas pris ce quiz